Applications of biochemical systems in organic chemistry. Pt 1 (Record no. 26182)

MARC details
000 -LEADER
fixed length control field 00478nam a2200169Ia 4500
082 ## - DEWEY DECIMAL CLASSIFICATION NUMBER
Classification number 577.1:547
Item number JON
245 #0 - TITLE STATEMENT
Title Applications of biochemical systems in organic chemistry. Pt 1
260 ## - PUBLICATION, DISTRIBUTION, ETC. (IMPRINT)
Place of publication New York
Name of publisher John Wiley
Year of publication 1976
490 ## - SERIES STATEMENT
Series statement Techniques of chemistry 10
650 ## - SUBJECT ADDED ENTRY--TOPICAL TERM
Topical Term Chromatography
650 ## - SUBJECT ADDED ENTRY--TOPICAL TERM
Topical Term Enzyme
650 ## - SUBJECT ADDED ENTRY--TOPICAL TERM
Topical Term Enzyme stereochemistry
650 ## - SUBJECT ADDED ENTRY--TOPICAL TERM
Topical Term Microorganisms
700 ## - ADDED ENTRY--PERSONAL NAME
Personal name Jones, J Bryan
942 ## - ADDED ENTRY ELEMENTS (KOHA)
Koha item type Books
Holdings
Withdrawn status Lost status Damaged status Not for loan Home library Current library Date acquired Full call number Accession Number Koha item type
        RRII Library RRII Library 16/12/2021 577.1:547 JON 06820 Books